SLAM 500 Greatest NBA Players of All Time - Statistics

General Stats
  • This quiz has been taken 1,304 times
  • The average score is 161 of 499
Answer Stats
Hint Answer % Correct
31 LeBron James
95%
1 Michael Jordan
95%
10 Kobe Bryant
88%
6 Magic Johnson
87%
7 Kareem Abdul-Jabbar
86%
4 Shaquille O'Neal
85%
9 Larry Bird
83%
2 Wilt Chamberlain
82%
450 Dell Curry
81%
488 Avery Johnson
80%
3 Bill Russell
80%
53 Dennis Johnson
80%
282 | 283 Eddie Johnson
80%
66 Gus Johnson
80%
184 Joe Johnson
80%
362 John Johnson
80%
102 Kevin Johnson
80%
173 Larry Johnson
80%
117 Marques Johnson
80%
229 Mickey Johnson
80%
397 Steve Johnson
80%
340 Vinnie Johnson
80%
261 David West
78%
11 Jerry West
78%
8 Tim Duncan
76%
18 Karl Malone
75%
15 Moses Malone
75%
211 Jeff Malone
74%
13 Hakeem Olajuwon
73%
27 Scottie Pippen
73%
16 Julius Erving
71%
25 David Robinson
70%
272 Clifford Robinson
69%
285 Cliff Robinson
69%
55 Dirk Nowitzki
69%
365 Flynn Robinson
69%
246 Glenn Robinson
69%
240 Truck Robinson
69%
48 Dennis Rodman
68%
49 Dwayne Wade
68%
174 Jermaine O'Neal
67%
22 John Stockton
67%
50 Steve Nash
67%
435 Adrian Smith
66%
448 Charles Smith
66%
306 Elmore Smith
66%
492 Joe Smith
66%
321 Kenny Smith
66%
30 Kevin Garnett
66%
390 Larry Smith
66%
293 Lucius Allen
66%
5 Oscar Robertson
66%
142 Phil Smith
66%
166 Randy Smith
66%
79 Ray Allen
66%
356 Steve Smith
66%
194 Alvin Robertson
65%
233 Austin Carr
65%
20 Charles Barkley
65%
19 Isiah Thomas
65%
383 Mychal Thompson
65%
40 Allen Iverson
64%
63 David Thompson
64%
139 Tony Parker
64%
77 Paul Pierce
63%
28 Jason Kidd
62%
37 Patrick Ewing
62%
368 Ricky Pierce
62%
107 Chris Paul
61%
65 Sam Jones
61%
99 Vince Carter
61%
159 Bobby Jones
60%
24 Bob Cousy
60%
267 Caldwell Jones
60%
262 Eddie Jones
60%
322 Fred Carter
60%
178 K.C. Jones
60%
143 Manu Ginobili
60%
54 Reggie Miller
60%
469 Wali Jones
60%
242 A.C. Green
59%
255 Andre Miller
59%
408 Antonio Davis
59%
199 Baron Davis
59%
407 Dale Davis
59%
425 Johnny Davis
59%
162 Johnny Green
59%
431 Mike Miller
59%
104 Walter Davis
59%
100 Buck Williams
58%
128 Deron Williams
58%
149 Gus Williams
58%
423 Hot Rod Williams
58%
457 Jason Williams
58%
344 Jim Jackson
58%
328 Luke Jackson
58%
160 Mark Jackson
58%
96 Paul Gasol
58%
318 Ray Williams
58%
373 Stephen Jackson
58%
171 Chris Bosh
57%
42 Clyde Drexler
57%
26 Kevin Mchale
57%
97 Tracy McGrady
57%
105 Carmelo Anthony
56%
86 Dwight Howard
56%
17 John Havlicek
56%
449 Josh Howard
56%
375 Juwan Howard
56%
43 Dominique Wilkins
55%
39 Gary Payton
55%
72 Lenny Wilkens
55%
123 Ben Wallace
54%
12 Elgin Baylor
54%
323 Gerald Wallace
54%
156 Rasheed Wallace
54%
130 Anfernee Hardaway
53%
58 James Worthy
53%
87 Tim Hardaway
53%
154 Yao Ming
53%
446 Gerald Wilkins
52%
67 Robert Parish
52%
150 Shawn Kemp
52%
74 Bill Walton
51%
14 Bob Pettit
51%
95 Dikembe Mutombo
51%
73 Alonzo Mourning
50%
45 George Gervin
50%
29 George Mikan
50%
363 Jalen Rose
50%
443 Spud Webb
50%
92 Bob Love
49%
78 Joe Dumars
48%
144 Amar'e Stoudemire
47%
235 Bill Laimbeer
47%
297 Damon Stoudamire
47%
23 Elvin Hayes
47%
118 Jo Jo White
47%
60 Pete Maravich
47%
21 Rick Barry
47%
33 Wes Unseld
47%
32 Willis Reed
47%
419 Brian Grant
46%
124 Chauncey Billups
46%
98 Grant Hill
46%
151 Horace Grant
46%
147 Red Kerr
46%
421 Tyrone Hill
46%
36 Walt Frazier
46%
80 Chris Webber
45%
305 Fred Brown
45%
493 P.J. Brown
45%
82 Alex English
44%
88 Chris Mullin
44%
238 Antoine Walker
42%
69 Bernard King
42%
46 Bob McAdoo
42%
110 Chet Walker
42%
190 Jimmy Walker
42%
445 Albert King
41%
155 Mark Price
41%
44 Dave Cowens
39%
35 Dolph Schayes
39%
225 Peja Stojakovic
39%
250 Toni Kukoc
39%
47 Earl Monroe
38%
140 Metta World Peace
38%
83 Adrian Dantley
37%
84 Artis Gilmore
37%
370 Derek Fisher
37%
227 Derek Harper
37%
223 Richard Hamilton
37%
327 Ron Harper
37%
277 Vlade Divac
37%
347 Al Jefferson
36%
34 Nate Thurmond
36%
376 Richard Jefferson
36%
355 Robert Horry
36%
52 Tiny Archibald
36%
298 Glen Rice
35%
38 Jerry Lucas
35%
264 John Lucas
35%
135 Maurice Lucas
35%
350 Muggsy Bogues
35%
152 Shawn Marion
35%
326 Byron Scott
34%
132 Charlie Scott
34%
221 Dales Ellis
34%
248 Detlef Schrempf
34%
316 Kenny Anderson
34%
112 Kevin Porter
34%
465 LaPhonso Ellis
34%
226 Latrell Sprewell
34%
122 Maurice Cheeks
34%
353 Monta Ellis
34%
345 Nick Anderson
34%
302 Rashard Lewis
34%
219 Ray Scott
34%
222 Reggie Lewis
34%
167 Terry Porter
34%
62 Bob Lanier
33%
213 Charles Oakley
33%
371 John Starks
33%
404 Keith Van Horn
33%
89 Mitch Richmond
33%
71 Paul Arizin
33%
276 Rik Smits
33%
90 Sidney Moncrief
33%
172 Bill Bradley
32%
76 Dave Debusschere
32%
183 Gilbert Arenas
32%
230 Jason Richardson
32%
187 Mark Aguirre
32%
188 Michael Ray Richardson
32%
391 Pooh Richardson
32%
401 Quentin Richardson
32%
195 Sam Cassell
32%
101 Slater Martin
32%
41 Billy Cunningham
31%
439 B.J. Armstrong
31%
177 Elton Brand
31%
299 Kenyon Martin
31%
455 Kevin Martin
31%
486 Manute Bol
31%
379 Mark Eaton
31%
224 Michael Redd
31%
236 Antawn Jamison
30%
331 Arvydas Sabonis
30%
103 Brad Daugherty
30%
324 Caron Butler
30%
380 Jason Terry
30%
265 Jeff Hornacek
30%
308 Sam Perkins
30%
197 Stephon Marbury
30%
357 Tayshaun Prince
30%
120 Tom Chambers
30%
284 Bill Cartwright
29%
320 Danny Ainge
29%
57 Dave Bing
29%
201 Lamar Odom
29%
137 Michael Cooper
29%
251 Mike Bibby
29%
196 World B. Free
29%
463 Grant Long
28%
59 Hal Greer
28%
484 John Long
28%
165 Larry Nance
28%
168 Rolando Blackman
28%
273 Zach Randolph
28%
333 Andre Iguodala
27%
275 Bob Boozer
27%
206 Carlos Boozer
27%
119 Jack Sikma
27%
295 Jerry Stackhouse
27%
338 Kevin Willis
27%
388 Lloyd Neal
27%
252 Ralph Sampson
27%
228 Steve Francis
27%
244 Zydrunas Ilgauskas
27%
217 Cedric Maxwell
26%
68 Tom Heinsohn
26%
399 Vernon Maxwell
26%
325 Allan Houston
25%
205 Alvan Adams
25%
427 Don Nelson
25%
346 Jameer Nelson
25%
334 Michael Adams
25%
247 Bruce Bowen
24%
157 Calvin Murphy
24%
483 Clyde Lee
24%
56 Connie Hawkins
24%
106 Dan Issel
24%
461 Devin Harris
24%
382 Hersey Hawkins
24%
215 John Williamson
24%
208 Marcus Camby
24%
287 Michael Finley
24%
292 Nick Van Exel
24%
428 Troy Murphy
24%
51 Walt Bellamy
24%
70 Bill Sharman
23%
458 David Lee
23%
442 Jim Paxson
23%
437 Andrei Kirilenko
22%
336 Ben Gordon
22%
409 Christian Laettner
22%
263 Dan Majerle
22%
198 Fat Lever
22%
109 Jamaal Wilkes
22%
418 Luol Deng
22%
257 Shareef Abdur-Rahim
22%
254 Anthony Mason
21%
491 Antoine Carr
21%
182 Derrick Coleman
21%
180 Jamal Mashburn
21%
420 James Edwards
21%
192 Kiki Vandeweghe
21%
269 Otis Thorpe
21%
209 Rod Strickland
21%
91 Bob Dandridge
20%
279 Doc Rivers
20%
440 Jamal Crawford
20%
415 Kenny Carr
20%
395 M.L. Carr
20%
204 Mookie Blaylock
20%
75 Neil Johnston
20%
127 Rudy Tomjanovich
20%
310 Sean Elliott
20%
94 Spencer Haywood
20%
342 Vin Baker
20%
212 Danny Manning
19%
454 Hedo Turkoglu
19%
126 Lou Hudson
19%
186 Norm Nixon
19%
141 Paul Westphal
19%
462 Wally Szczerbiak
19%
220 Cazzie Russell
18%
332 Danny Granger
18%
191 Doug Collins
18%
179 Jerry Sloan
18%
64 Joe Fulks
18%
176 Reggie Theus
18%
148 Terry Cummings
18%
372 Antonio McDyess
17%
352 Campy Russell
17%
343 Darryl Dawkins
17%
61 Jack Twyman
17%
381 Johnny Dawkins
17%
294 Mike Mitchell
17%
138 Paul Silas
17%
281 Xavier McDaniel
17%
108 George McGinnis
16%
111 George Yardley
16%
129 Guy Rodgers
16%
422 Jerome Kersey
16%
460 Kendall Gill
16%
288 Phil Ford
16%
303 Tom Sanders
16%
393 Corey Maggette
15%
258 Dough Christie
15%
329 Lionel Simmons
15%
467 Tree Rollins
15%
145 Vern Mikkelsen
15%
414 Andrew Bogut
14%
175 Andrew Toney
14%
189 Archie Clark
14%
335 Billy Knight
14%
405 Cedric Ceballos
14%
360 Chuck Person
14%
218 Darrell Griffith
14%
311 Dick Van Arsdale
14%
81 Ed Macauley
14%
398 Jim Washington
14%
307 Joe Barry Carroll
14%
402 Kermit Washington
14%
495 Kevin Duckworth
14%
232 Orlando Woolridge
14%
364 Scott Skiles
14%
444 Shane Battier
14%
271 Terrell Brandon
14%
312 Tom Van Arsdale
14%
125 Bailey Howell
13%
85 Cliff Hagan
13%
481 Elden Campbell
13%
289 Jeff Mullins
13%
136 Larry Foust
13%
351 Mahmoud Abdul-Rauf
13%
113 Rich Guerin
13%
260 Rony Seikaly
13%
278 Sleepy Floyd
13%
413 Al Harrington
12%
169 Andy Phillip
12%
497 Cuttino Mobley
12%
309 Dick Barnett
12%
452 Emeka Okafor
12%
163 John Drew
12%
202 Kelly Tripucka
12%
459 Kerry Kittles
12%
374 Larry Drew
12%
470 Larry Hughes
12%
392 Nate McMillan
12%
114 Norm Van Lier
12%
315 Theo Ratliff
12%
291 Tom Gugliotta
12%
200 Bill Bridges
11%
496 Chris Kaman
11%
170 Clyde Lovellette
11%
93 Jim Pollard
11%
161 Otis Birdsong
11%
231 Purvis Short
11%
411 Thurl Bailey
11%
133 Bob Davies
10%
479 Dana Barros
10%
406 Michael Brooks
10%
214 Sidney Wicks
10%
116 Zelmo Beaty
10%
485 Clifford Ray
9%
266 Dan Roundfield
9%
498 David Wesley
9%
253 Frank Ramsey
9%
153 Gene Shue
9%
259 Geoff Petrie
9%
256 Happy Hairston
9%
270 Jack Marin
9%
193 Larry Kenon
9%
499 Pervis Ellison
9%
131 Phil Chenier
9%
482 Robert Reid
9%
274 Scott Wedman
9%
317 Wayman Tisdale
9%
115 Willie Naulls
9%
361 Armen Gilliam
8%
464 Billy Owens
8%
268 Brian Winters
8%
300 Calvin Natt
8%
210 Carl Braun
8%
403 Derrick McKey
8%
121 Dick McGuire
8%
207 Don Ohl
8%
432 Eddie Miles
8%
134 Harry Gallatin
8%
434 Herm Gilliam
8%
337 Jay Vincent
8%
185 Joe Caldwell
8%
394 Junior Bridgeman
8%
319 Lionel Hollins
8%
234 Max Zaslofsky
8%
436 Rex Chapman
8%
146 Rudy LaRusso
8%
447 Sam Bowie
8%
304 Sam Lacey
8%
358 Sherman Douglas
8%
164 Tom Gola
8%
468 Don Buse
7%
241 Jeff Ruland
7%
386 Kevin Loughery
7%
400 Michael Cage
7%
384 Mike Newlin
7%
249 Terry Dischinger
7%
377 Vern Fleming
7%
203 Wayne Embry
7%
216 Arnie Risen
6%
158 Bobby Wanzer
6%
181 Bob Rule
6%
494 Drew Gooden
6%
239 Jim McMillian
6%
472 Jon McGlocklin
6%
410 Ken Norman
6%
280 Larry Costello
6%
349 Paul Pressey
6%
245 Quinn Buckner
6%
341 Roy Tarpley
6%
313 Slick Watts
6%
301 Swen Nater
6%
429 Al Attles
5%
237 Clark Kellogg
5%
430 Curtis Rowe
5%
438 Dave Greenwood
5%
296 Don Chaney
5%
416 Don Kojis
5%
424 Ernie DiGregorio
5%
474 Gar Heard
5%
478 Loy Vaught
5%
471 Marvin Webster
5%
412 Mike Woodson
5%
480 Mitch Kupchak
5%
348 Rodney McCray
5%
314 Tom Meschery
5%
243 Walter Dukes
5%
359 Walt Hazzard
5%
477 Bob Kauffman
4%
489 Gene Banks
4%
330 Greg Ballard
4%
466 Jay Humphries
4%
339 Jim Chones
4%
286 Kenny Sears
4%
389 Lonnie Shelton
4%
385 Ray Felix
4%
366 Ricky Sobers
4%
378 Steve Stipanovich
4%
387 Dick Garmaker
3%
456 Eric Money
3%
487 Joe Graboski
3%
290 Mel Hutchins
3%
367 Mike Bantom
3%
490 Sarunas Marciulionis
3%
396 Woody Sauldsberry
3%
451 Zaid Abdul-Aziz
3%
473 Clem Haskins
2%
369 John Shumate
2%
453 Kelvin Ransey
2%
354 Nat Clifton
2%
476 Phil Hubbard
2%
441 Quintin Dailey
2%
433 Roy Hinson
2%
426 Bucky Bockhorn
1%
417 Ron Behagen
1%
475 Terry Catledge
1%
No matching quizzes found
Score Distribution
Percent of People with Each Score
Percentile by Number Answered
Your Score History
You have not taken this quiz